[Event "Bad Kissingen Schachzauber 1st"]
[Site "Bad Kissingen"]
[Date "2018.01.14"]
[Round "3"]
[White "Heidenfeld, Mark"]
[Black "Hofstetter, Hans Joachim"]
[Result "1-0"]
[WhiteElo "2359"]
[BlackElo "2175"]
[PlyCount "111"]
[EventDate "2018.01.13"]
[EventType "tourn"]
[EventRounds "9"]
[EventCountry "GER"]
[EventCategory "5"]
[SourceTitle "OM OTB B 201907"]
[Source "Opening Master"]
[SourceDate "2019.07.06"]
[SourceVersion "2"]
[SourceVersionDate "2019.07.06"]
[SourceQuality "1"]

1. e4 e5 2. Nf3 Nc6 3. c3 Nf6 4. d4 Nxe4 5. d5 Ne7 6. Nxe5 Ng6 7. Qd4 Nxe5 8.
Qxe4 Qe7 9. Bf4 Ng6 10. Qxe7+ Nxe7 11. Bxc7 Nxd5 12. Bg3 Be7 13. Nd2 Nf6 14.
O-O-O O-O 15. Nb3 d5 16. Bd3 Nh5 17. Rhe1 Bg5+ 18. Kb1 Nxg3 19. hxg3 Bd7 20. f4
Bf6 21. Be2 Rfe8 22. Bf3 Rxe1 23. Rxe1 Bc6 24. g4 h6 25. Na5 Kf8 26. Rd1 Rd8
27. Kc2 Ke8 28. c4 dxc4 29. Rxd8+ Kxd8 30. Bxc6 bxc6 31. Nxc6+ Kc7 32. Na5 Bh4
33. Nxc4 Bg3 34. f5 Kc6 35. Kd3 Kc5 36. a3 Kb5 37. b3 a5 38. Kd4 a4 39. bxa4+
Kxa4 40. Kd5 Kb3 41. Nd6 Kxa3 42. Nxf7 Kb4 43. Nd6 Be1 44. Ke6 Kc5 45. Ne8 Bc3
46. Kf7 Kd5 47. Nxg7 Ke4 48. Nh5 Ke3 49. Kg6 Kf2 50. f6 Kxg2 51. f7 Bb4 52.
Kxh6 Kf3 53. g5 Bf8+ 54. Kh7 Kg4 55. g6 Kxh5 56. g7 1-0

[Event "FICS rated standard game"]
[Site "FICS freechess.org"]
[Date "2018.01.14"]
[Round "?"]
[White "proximab"]
[Black "Abishakkumar"]
[Result "1-0"]
[WhiteElo "2114"]
[BlackElo "1477"]
[PlyCount "28"]
[EventDate "2018.??.??"]

1. e4 e5 2. Nf3 Nc6 3. c3 Nf6 4. d4 exd4 5. e5 Qe7 6. cxd4 Nd5 7. Bc4 Nb6 8.
Bb5 Qb4+ 9. Nc3 Na5 10. O-O a6 11. Bd3 d6 12. a3 Qb3 13. Qe1 Be6 14. Nd2 Qa2 {
Black resigns} 1-0

[Event "FICS rated blitz game"]
[Site "FICS freechess.org"]
[Date "2018.01.14"]
[Round "?"]
[White "zbobi"]
[Black "fatserg"]
[Result "1-0"]
[WhiteElo "1521"]
[BlackElo "1495"]
[PlyCount "93"]
[EventDate "2018.??.??"]
[EventType "blitz"]

1. e4 e5 2. Nf3 Nc6 3. c3 Nf6 4. Bc4 Be7 5. Qb3 O-O 6. d3 Na5 7. Qa4 Nxc4 8.
Qxc4 c6 9. Qb3 a5 10. Be3 a4 11. Qc2 b5 12. Nbd2 d6 13. O-O Ng4 14. d4 Nxe3 15.
fxe3 Bb7 16. dxe5 dxe5 17. Nxe5 Bd6 18. Nef3 c5 19. Rad1 Qe7 20. b3 Bc6 21. c4
axb3 22. Qxb3 b4 23. e5 Bxe5 24. Nxe5 Qxe5 25. Nf3 Qe4 26. Rf2 Ra3 27. Qb2 Rxe3
28. Rdf1 Qxc4 29. Ne5 Qd5 30. Nxc6 Qxc6 31. Rf4 f6 32. Rg4 Qe6 33. Qf2 Qxg4 34.
Qxe3 Qd4 35. Qxd4 cxd4 36. Rd1 Rd8 37. Kf2 Kf7 38. Kf3 Ke6 39. Ke4 f5+ 40. Kf4
h6 41. Re1+ Kf6 42. Rd1 g5+ 43. Kf3 Ke5 44. Re1+ Kd5 45. h3 Rc8 46. Rb1 Rc3+
47. Kf2 1-0

[Event "FICS rated blitz game"]
[Site "FICS freechess.org"]
[Date "2018.01.14"]
[Round "?"]
[White "RADACK"]
[Black "gargiulo"]
[Result "1-0"]
[WhiteElo "1613"]
[BlackElo "1614"]
[PlyCount "69"]
[EventDate "2018.??.??"]
[EventType "blitz"]

1. e4 e5 2. Nf3 Nc6 3. c3 d6 4. d4 exd4 5. cxd4 Bg4 6. Be2 Nf6 7. Nc3 Be7 8.
O-O O-O 9. h3 Bh5 10. Be3 Bg6 11. Qc2 Nb4 12. Qb1 c5 13. a3 Nc6 14. Bd3 d5 15.
exd5 Bxd3 16. Qxd3 Nxd5 17. Nxd5 Qxd5 18. Rad1 Rad8 19. Qc3 Bf6 20. Qxc5 Qxc5
21. dxc5 Bxb2 22. Rb1 Bxa3 23. Rxb7 Rb8 24. Rc7 Rfc8 25. Rd7 Rd8 26. Rc7 Rbc8
27. Rb7 Rb8 28. Rc7 Rbc8 29. Rxc8 Rxc8 30. Rd1 Kf8 31. Rd6 Ne7 32. Ra6 Rc7 33.
Rxa3 Nd5 34. Kf1 Nb4 35. Rc3 {Black resigns} 1-0

[Event "FICS rated blitz game"]
[Site "FICS freechess.org"]
[Date "2018.01.14"]
[Round "?"]
[White "jsssstplayinn"]
[Black "lowmiles"]
[Result "0-1"]
[WhiteElo "1574"]
[BlackElo "1573"]
[PlyCount "52"]
[EventDate "2018.??.??"]
[EventType "blitz"]

1. e4 e5 2. Nf3 Nc6 3. c3 Bc5 4. Bb5 Nge7 5. O-O O-O 6. d3 d6 7. Bg5 f6 8. Bh4
Ng6 9. Bg3 f5 10. exf5 Bxf5 11. d4 exd4 12. Bxc6 bxc6 13. cxd4 Bb6 14. Nc3 Bg4
15. h3 Bxf3 16. gxf3 Qg5 17. Ne4 Qh5 18. Kh2 Rxf3 19. Kg2 Raf8 20. Qe2 Nf4+ 21.
Bxf4 Qxh3+ 22. Kg1 R8xf4 23. Ng3 Bxd4 24. Qe8+ Rf8 25. Qe4 Rxg3+ 26. Qg2 Rxg2#
{White checkmated} 0-1

[Event "FICS rated blitz game"]
[Site "FICS freechess.org"]
[Date "2018.01.14"]
[Round "?"]
[White "HUNTERJACK"]
[Black "TommyN"]
[Result "1-0"]
[WhiteElo "1538"]
[BlackElo "1637"]
[PlyCount "39"]
[EventDate "2018.??.??"]
[EventType "blitz"]

1. e4 e5 2. Nf3 Nc6 3. c3 d6 4. d4 exd4 5. cxd4 Nge7 6. Nc3 b6 7. Bb5 Bd7 8. e5
Nb8 9. Bg5 c6 10. Bd3 h6 11. Bh4 g5 12. Bg3 d5 13. Qc2 Bg7 14. O-O-O Be6 15.
Rhe1 O-O 16. h3 Qe8 17. Nh2 Nd7 18. f4 gxf4 19. Bxf4 Ng6 20. g3 1-0

[Event "FICS rated blitz game"]
[Site "FICS freechess.org"]
[Date "2018.01.14"]
[Round "?"]
[White "proximab"]
[Black "GayanovK"]
[Result "1-0"]
[WhiteElo "2083"]
[BlackElo "1340"]
[PlyCount "69"]
[EventDate "2018.??.??"]
[EventType "blitz"]

1. e4 e5 2. Nf3 Nc6 3. c3 Nf6 4. d4 d6 5. d5 Ne7 6. Bg5 Ng6 7. Bb5+ Bd7 8. Bxf6
Qxf6 9. Qa4 Qe7 10. g3 a6 11. Bxd7+ Qxd7 12. Qxd7+ Kxd7 13. O-O f6 14. Nbd2 b5
15. a3 Be7 16. c4 bxc4 17. Nxc4 Rhb8 18. h4 Bd8 19. h5 Ne7 20. Rad1 Rb3 21.
Nfd2 Rb5 22. f4 Rab8 23. fxe5 dxe5 24. h6 gxh6 25. Rxf6 Rxb2 26. Nxb2 Rxb2 27.
Rxh6 Ra2 28. Nc4 Re2 29. Nxe5+ Kc8 30. Nf7 Rxe4 31. Rxa6 Kd7 32. d6 cxd6 33.
Raxd6+ Ke8 34. Ng5 Rg4 35. Rxd8# {Black checkmated} 1-0

[Event "FICS rated blitz game"]
[Site "FICS freechess.org"]
[Date "2018.01.14"]
[Round "?"]
[White "franguly"]
[Black "mohdriaz"]
[Result "1-0"]
[WhiteElo "1313"]
[BlackElo "1317"]
[PlyCount "87"]
[EventDate "2018.??.??"]
[EventType "blitz"]

1. e4 e5 2. Nf3 Nc6 3. c3 h6 4. d4 d6 5. Bb5 Nf6 6. d5 a6 7. Ba4 b5 8. dxc6
bxa4 9. Qxa4 Be7 10. O-O O-O 11. Be3 Ng4 12. Re1 Nf6 13. Nbd2 Re8 14. Kh1 Rb8
15. Rab1 Rf8 16. Ng1 Ng4 17. h3 Nf6 18. Qc2 Qe8 19. Ne2 Qxc6 20. b3 Bb7 21. f3
Nh5 22. c4 Bc8 23. Ng1 Bh4 24. Rf1 Ng3+ 25. Kh2 Nxf1+ 26. Rxf1 Qd7 27. Bf2 Bf6
28. Bg3 Qe7 29. a3 Bh4 30. Ne2 Bg5 31. b4 Bd7 32. Nc3 c6 33. Rd1 h5 34. Bf2 h4
35. Nf1 Bf4+ 36. Kh1 Qg5 37. Ne2 Qh6 38. Nxf4 Qxf4 39. Be3 Qf6 40. Qd2 Be6 41.
Bg5 Qg6 42. Bxh4 Rbd8 43. Qe2 f6 44. Ng3 1-0

[Event "FICS rated standard game"]
[Site "FICS freechess.org"]
[Date "2018.01.14"]
[Round "?"]
[White "CarveItUp"]
[Black "MichaelOlsson"]
[Result "0-1"]
[WhiteElo "1799"]
[BlackElo "1667"]
[PlyCount "106"]
[EventDate "2018.??.??"]

1. e4 e5 2. Nf3 Nc6 3. c3 Nf6 4. Qc2 Be7 5. a3 O-O 6. d4 exd4 7. cxd4 d6 8. Be2
Re8 9. Nc3 h6 10. O-O Bf8 11. h3 Ne7 12. Be3 Ng6 13. Bd3 b6 14. e5 dxe5 15.
Bxg6 exd4 16. Bxf7+ Kxf7 17. Bxd4 c5 18. Ne5+ Kg8 19. Nc6 Qc7 20. Bxf6 Qxc6 21.
Bh4 Bb7 22. f3 Be7 23. Bg3 Bd6 24. Bxd6 Qxd6 25. Rad1 Qg3 26. Qf2 Qf4 27. Rd7
Ba6 28. Rfd1 Bc4 29. Ne4 a6 30. Rb7 b5 31. Rdd7 Rad8 32. Rxg7+ Kf8 33. Qxc5+
Rd6 34. Rbf7+ Bxf7 35. Rxf7+ Qxf7 36. Qxd6+ Re7 37. Qxh6+ Qg7 38. Qd6 Qxb2 39.
Ng5 Qc1+ 40. Kh2 Qxg5 41. Qxa6 Qf4+ 42. Kg1 Re1+ 43. Kf2 Qe3+ 44. Kg3 Qe5+ 45.
Kf2 Re2+ 46. Kf1 Rb2 47. Qc8+ Kf7 48. Qd7+ Kf6 49. Qd8+ Kf5 50. Qf8+ Qf6 51.
Qc8+ Kf4 52. Qg4+ Ke3 53. Qe4+ Kd2 0-1

[Event "FICS rated blitz game"]
[Site "FICS freechess.org"]
[Date "2018.01.14"]
[Round "?"]
[White "ukw"]
[Black "Principia"]
[Result "0-1"]
[WhiteElo "1617"]
[BlackElo "1563"]
[PlyCount "52"]
[EventDate "2018.??.??"]
[EventType "blitz"]

1. e4 e5 2. Nf3 Nc6 3. c3 d6 4. d4 Nf6 5. Bb5 Be7 6. dxe5 Nxe4 7. exd6 Bxd6 8.
Bxc6+ bxc6 9. Qa4 Qe7 10. O-O Bd7 11. Re1 f5 12. Nbd2 O-O 13. Nxe4 fxe4 14.
Qxe4 Qf6 15. Bg5 Qf7 16. Bh4 Rae8 17. Qd3 Bf5 18. Qd2 Qg6 19. Rxe8 Rxe8 20. Re1
Rxe1+ 21. Qxe1 Be4 22. Qf1 Bxf3 23. Qc4+ Bd5 24. Qf1 Bxa2 25. Qa1 Bd5 26. g3
Qe4 {White resigns} 0-1

[Event "FICS rated standard game"]
[Site "FICS freechess.org"]
[Date "2018.01.14"]
[Round "?"]
[White "Leopoldt"]
[Black "WimpyKid"]
[Result "1-0"]
[WhiteElo "1703"]
[BlackElo "1640"]
[PlyCount "81"]
[EventDate "2018.??.??"]

1. e4 e5 2. Nf3 Nc6 3. c3 Nf6 4. d3 Bc5 5. h3 O-O 6. Bg5 h6 7. Bh4 Be7 8. Be2
d6 9. Nh2 b6 10. O-O Ba6 11. Ng4 Nxg4 12. Bxe7 Nxf2 13. Rxf2 Qxe7 14. Qf1 d5
15. exd5 Na5 16. Nd2 Qd6 17. c4 Rad8 18. Ne4 Qg6 19. b4 Nb7 20. b5 Nc5 21. Nxc5
Bxb5 22. cxb5 bxc5 23. a4 Rxd5 24. Rd1 Rd4 25. Rf5 Rf4 26. Rxf4 exf4 27. Qxf4
Re8 28. Bf3 Qg5 29. Qxc7 Re7 30. Qd8+ Kh7 31. Be4+ g6 32. Rf1 c4 33. Qd4 f5 34.
Bf3 cxd3 35. Qxd3 Re3 36. Qd7+ Re7 37. Qc6 Re3 38. Rd1 Qg3 39. Rd7+ Kg8 40.
Qc8+ Re8 41. Qxe8# {Black checkmated} 1-0

[Event "FICS rated blitz game"]
[Site "FICS freechess.org"]
[Date "2018.01.14"]
[Round "?"]
[White "Chilenodecorazon"]
[Black "Beerfan"]
[Result "0-1"]
[WhiteElo "1368"]
[BlackElo "1296"]
[PlyCount "46"]
[EventDate "2018.??.??"]
[EventType "blitz"]

1. e4 e5 2. Nf3 Nc6 3. c3 Bc5 4. d4 exd4 5. cxd4 Bb4+ 6. Bd2 d6 7. a3 Bxd2+ 8.
Qxd2 Nf6 9. d5 Ne5 10. Nxe5 dxe5 11. Bd3 O-O 12. h3 b6 13. O-O a5 14. Nc3 Ba6
15. a4 Bxd3 16. Qxd3 Nh5 17. Nb5 Nf4 18. Qf3 Rc8 19. g3 Ng6 20. Kg2 c6 21. dxc6
Rxc6 22. Rad1 Qe7 23. Nc3 Qb4 0-1

[Event "FICS rated blitz game"]
[Site "FICS freechess.org"]
[Date "2018.01.14"]
[Round "?"]
[White "jsssstplayinn"]
[Black "elrodtherocker"]
[Result "0-1"]
[WhiteElo "1644"]
[BlackElo "1566"]
[PlyCount "146"]
[EventDate "2018.??.??"]
[EventType "blitz"]

1. e4 e5 2. Nf3 Nc6 3. c3 d5 4. exd5 Qxd5 5. Be2 Nf6 6. O-O Be7 7. c4 Qd8 8. d3
O-O 9. Nc3 Bf5 10. Nh4 Be6 11. Nf3 Qd7 12. Ng5 Bf5 13. Nf3 h6 14. Nh4 Bh7 15.
Bf3 Rab8 16. Nb5 a6 17. Nc3 Nd4 18. Ne4 Ne6 19. Nxf6+ Bxf6 20. g3 Nc5 21. Ng2
Qxd3 22. Qxd3 Nxd3 23. Ne3 e4 24. Be2 Nxc1 25. Raxc1 Bxb2 26. Rb1 Bd4 27. Nd5
c5 28. a4 Rfd8 29. a5 Kf8 30. Nb6 e3 31. fxe3 Bxe3+ 32. Kg2 Bxb1 33. Rxb1 Rd2
34. Kf3 Bg5 35. Rd1 Rxd1 36. Bxd1 Ke7 37. Bc2 g6 38. Be4 Bd2 39. Nd5+ Kd6 40.
h4 Bxa5 41. g4 Ke5 42. g5 hxg5 43. hxg5 Bb4 44. Nf6 a5 45. Nd7+ Kd4 46. Nxb8
Kxc4 47. Nd7 a4 48. Bb1 a3 49. Ne5+ Kc3 50. Ba2 Kb2 51. Bxf7 a2 52. Bxa2 Kxa2
53. Nxg6 c4 54. Ne5 c3 55. Nd3 c2 56. Nxb4+ Kb2 57. Nxc2 Kxc2 58. g6 b5 59. g7
b4 60. g8=Q b3 61. Qc8+ Kb2 62. Qb7 Ka2 63. Qa6+ Kb1 64. Qb5 b2 65. Qb4 Ka1 66.
Qa3+ Kb1 67. Qb3 Ka1 68. Qa3+ Kb1 69. Qd3+ Ka1 70. Qc3 Kb1 71. Ke2 Ka1 72. Kd2
Ka2 73. Qc2 Ka1 0-1

[Event "FICS rated blitz game"]
[Site "FICS freechess.org"]
[Date "2018.01.14"]
[Round "?"]
[White "arju"]
[Black "Tjall"]
[Result "0-1"]
[WhiteElo "1667"]
[BlackElo "1775"]
[PlyCount "106"]
[EventDate "2018.??.??"]
[EventType "blitz"]

1. e4 e5 2. Nf3 Nc6 3. c3 Nf6 4. d3 d5 5. exd5 Nxd5 6. Bd2 Bg4 7. Be2 Bc5 8.
O-O O-O 9. b4 Bxf3 10. Bxf3 Bb6 11. Qb3 Nce7 12. c4 Nf6 13. c5 a5 14. cxb6 cxb6
15. bxa5 bxa5 16. a4 Qd4 17. Be3 Qxa1 18. Nc3 Qxf1+ 19. Kxf1 Nf5 20. Bg5 Nd7
21. Qxb7 Nc5 22. Qb1 Rab8 23. Qc2 Rb4 24. Be4 Nd4 25. Qd2 f5 26. Bd5+ Kh8 27.
Be7 Rc8 28. Bxc5 Rxc5 29. Bc4 g6 30. h3 Kg7 31. Nd5 Rb1+ 32. Qe1 Rxe1+ 33. Kxe1
Rc8 34. Kd2 Rb8 35. f3 Rb2+ 36. Kc3 Rxg2 37. f4 Ne2+ 38. Kd2 Nxf4+ 39. Ke1 Nxd5
40. Bxd5 Rh2 41. Be6 Rxh3 42. Bd7 Rxd3 43. Bb5 Ra3 44. Kd2 h5 45. Ke2 h4 46.
Kf2 g5 47. Bd7 Kf6 48. Kg2 g4 49. Kf2 Kg5 50. Kg2 f4 51. Kf2 e4 52. Kg2 Ra2+
53. Kf1 h3 {White resigns} 0-1

[Event "FICS rated blitz game"]
[Site "FICS freechess.org"]
[Date "2018.01.14"]
[Round "?"]
[White "denk"]
[Black "MrDario"]
[Result "1-0"]
[WhiteElo "1375"]
[BlackElo "1307"]
[PlyCount "45"]
[EventDate "2018.??.??"]
[EventType "blitz"]

1. e4 e5 2. Nf3 Nc6 3. c3 d5 4. Bd3 Nf6 5. exd5 Qxd5 6. Be2 e4 7. c4 Qd7 8. Ng5
h6 9. Nh3 Bd6 10. O-O Nd4 11. Re1 O-O 12. d3 Nxe2+ 13. Rxe2 exd3 14. Re3 Ng4
15. Rxd3 Bxh2+ 16. Kh1 Qc6 17. f3 Ne5 18. Kxh2 Nxd3 19. Qxd3 Bxh3 20. gxh3 Rad8
21. Qf1 Rfe8 22. Nc3 Rd3 23. Qxd3 {Black resigns} 1-0

[Event "FICS rated blitz game"]
[Site "FICS freechess.org"]
[Date "2018.01.14"]
[Round "?"]
[White "jsssstplayinn"]
[Black "ChessTheory"]
[Result "0-1"]
[WhiteElo "1608"]
[BlackElo "1585"]
[PlyCount "116"]
[EventDate "2018.??.??"]
[EventType "blitz"]

1. e4 e5 2. Nf3 Nc6 3. c3 Nf6 4. d4 Nxe4 5. d5 Nb8 6. Nxe5 Be7 7. Bd3 Nf6 8.
O-O O-O 9. c4 d6 10. Nf3 Bg4 11. Be2 Nbd7 12. Nc3 a6 13. h3 Bh5 14. Bg5 h6 15.
Bxf6 Bxf6 16. Re1 Bxf3 17. Bxf3 Ne5 18. Ne4 Re8 19. Nxf6+ Qxf6 20. Be4 Nxc4 21.
Qd3 Ne5 22. f4 Nd7 23. Bh7+ Kh8 24. Rxe8+ Rxe8 25. Bf5 Nc5 26. Qc2 Qd4+ 27. Kh1
Qxd5 28. b4 Ne4 29. Re1 Qxf5 30. Kg1 Qxf4 31. Qe2 f5 32. Qf3 Qxf3 33. gxf3 Nf6
34. Rxe8+ Nxe8 35. Kf2 g5 36. Ke3 Kg7 37. Kd4 c6 38. a3 Kf6 39. a4 h5 40. Ke3
g4 41. hxg4 fxg4 42. fxg4 h4 43. Kf3 Kg5 44. b5 cxb5 45. axb5 axb5 46. Ke4 Nf6+
47. Kd4 h3 48. Kc3 h2 49. Kb4 h1=Q 50. Kxb5 Kxg4 51. Kb6 Qc6+ 52. Ka5 d5 53.
Kb4 d4 54. Kb3 d3 55. Kb2 d2 56. Ka3 d1=Q 57. Kb4 Qb1+ 58. Ka3 Qa6# {White
checkmated} 0-1

[Event "FICS rated blitz game"]
[Site "FICS freechess.org"]
[Date "2018.01.14"]
[Round "?"]
[White "jsssstplayinn"]
[Black "lowmiles"]
[Result "1/2-1/2"]
[WhiteElo "1621"]
[BlackElo "1561"]
[PlyCount "137"]
[EventDate "2018.??.??"]
[EventType "blitz"]

1. e4 e5 2. Nf3 Nc6 3. c3 Bc5 4. Bb5 Nge7 5. d4 exd4 6. cxd4 Bb6 7. d5 Nb8 8.
e5 O-O 9. O-O Ng6 10. Bg5 f6 11. exf6 gxf6 12. Bh6 Re8 13. d6 cxd6 14. Bc4+ Kh8
15. Nc3 Nc6 16. Nd5 Nce5 17. Nxe5 dxe5 18. Qb3 d6 19. Ne3 Qe7 20. Bf7 Be6 21.
Bxe6 Qxe6 22. Qxe6 Rxe6 23. Nd5 Bd4 24. Rab1 Rc8 25. Rfd1 Rc5 26. Nb4 a5 27.
Nd3 Rc2 28. Kf1 Re7 29. a3 e4 30. Nf4 Rxf2+ 31. Ke1 Rxb2 32. Rxb2 Bxb2 33.
Nxg6+ hxg6 34. Rxd6 Bxa3 35. Rxf6 Kh7 36. Bg5 Re5 37. Rf7+ Kg8 38. Rxb7 Bb4+
39. Ke2 e3 40. Bxe3 Bc5 41. Rb3 Rxe3+ 42. Rxe3 Bxe3 43. Kxe3 a4 44. Kd3 Kf7 45.
Kc3 Kf6 46. Kb4 Kf5 47. Kxa4 Kf4 48. Kb3 Ke3 49. Kc3 Kf2 50. g4 Kg2 51. Kd3
Kxh2 52. Ke4 Kg3 53. g5 Kg4 54. Ke5 Kxg5 55. Ke4 Kg4 56. Ke3 Kg3 57. Ke2 Kg2
58. Ke3 g5 59. Ke4 g4 60. Kf4 g3 61. Kg4 Kh2 62. Kf3 g2 63. Kf2 g1=Q+ 64. Kf3
Qg5 65. Ke4 Kg3 66. Kd3 Qf5+ 67. Kd4 Kf3 68. Kc3 Qe4 69. Kd2 1/2-1/2

[Event "FICS rated blitz game"]
[Site "FICS freechess.org"]
[Date "2018.01.14"]
[Round "?"]
[White "sasfro"]
[Black "olegator"]
[Result "0-1"]
[WhiteElo "1246"]
[BlackElo "1574"]
[PlyCount "60"]
[EventDate "2018.??.??"]
[EventType "blitz"]

1. e4 e5 2. Nf3 Nc6 3. c3 Nf6 4. d4 exd4 5. e5 Nd5 6. cxd4 d6 7. Bb5 Be6 8. O-O
Be7 9. Nc3 O-O 10. a3 Nb8 11. Ba4 Nb6 12. Bc2 f6 13. Qd3 g6 14. Bh6 Rf7 15.
exf6 Bxf6 16. Rae1 Bf5 17. Qd2 Bxc2 18. Qxc2 N8d7 19. Ne4 Bg7 20. Bg5 Qf8 21.
Qxc7 Ne5 22. Qxd6 Nxf3+ 23. gxf3 Rxf3 24. Qxf8+ Raxf8 25. Be7 R8f4 26. Kg2 Bxd4
27. Re2 Rb3 28. Ng5 Bxb2 29. Bd6 Nd5 30. Bxf4 Nxf4+ {White resigns} 0-1

[Event "FICS rated blitz game"]
[Site "FICS freechess.org"]
[Date "2018.01.14"]
[Round "?"]
[White "ARUJ"]
[Black "Nineyes"]
[Result "1-0"]
[WhiteElo "1584"]
[BlackElo "1574"]
[PlyCount "91"]
[EventDate "2018.??.??"]
[EventType "blitz"]

1. e4 e5 2. Nf3 Nc6 3. c3 Bc5 4. Bc4 Qe7 5. d4 exd4 6. cxd4 Bb4+ 7. Nc3 Bxc3+
8. bxc3 d6 9. Qc2 h6 10. O-O Bg4 11. Ne1 Qh4 12. e5 O-O-O 13. exd6 Rxd6 14.
Bxf7 Rf6 15. Bg6 Nge7 16. Be4 Rhf8 17. Be3 Bf5 18. Bxf5+ Nxf5 19. Nf3 Qg4 20.
d5 Nxe3 21. fxe3 Ne7 22. Ne5 Rxf1+ 23. Rxf1 Rxf1+ 24. Kxf1 Qf5+ 25. Qxf5+ Nxf5
26. e4 Ne3+ 27. Ke2 Nc2 28. a4 a6 29. h4 g5 30. hxg5 hxg5 31. Nf7 g4 32. Nh6 g3
33. Kf3 Kd7 34. Kxg3 Ne3 35. Kf4 Nxg2+ 36. Ke5 Ne3 37. Ng8 Nc4+ 38. Kd4 b5 39.
Nf6+ Kd6 40. Ne8+ Ke7 41. Nxc7 Nd6 42. e5 Nf5+ 43. Ke4 bxa4 44. Kxf5 a3 45. d6+
Kd8 46. e6 1-0

[Event "FICS rated standard game"]
[Site "FICS freechess.org"]
[Date "2018.01.14"]
[Round "?"]
[White "Qdal"]
[Black "bhekisipho"]
[Result "0-1"]
[WhiteElo "1691"]
[BlackElo "1795"]
[PlyCount "40"]
[EventDate "2018.??.??"]

1. e4 e5 2. Nf3 Nc6 3. c3 Nf6 4. d4 Nxe4 5. d5 Nb8 6. Bd3 Nf6 7. Nxe5 d6 8.
Bb5+ c6 9. dxc6 bxc6 10. Nxc6 Nxc6 11. Bxc6+ Bd7 12. Bxa8 Qxa8 13. O-O Be7 14.
Re1 Be6 15. Bg5 O-O 16. Na3 Qb7 17. Nc4 Bxc4 18. Bxf6 Bxf6 19. Qxd6 Be6 20.
Rad1 Qxb2 {White resigns} 0-1

[Event "FICS rated blitz game"]
[Site "FICS freechess.org"]
[Date "2018.01.14"]
[Round "?"]
[White "Benkh"]
[Black "Rdyrvik"]
[Result "0-1"]
[WhiteElo "956"]
[BlackElo "1325"]
[PlyCount "38"]
[EventDate "2018.??.??"]
[EventType "blitz"]

1. e4 e5 2. Nf3 Nc6 3. c3 Be7 4. d3 Nf6 5. Nbd2 d5 6. b4 O-O 7. b5 dxe4 8. dxe4
Na5 9. Nxe5 c6 10. c4 cxb5 11. cxb5 a6 12. a4 Be6 13. Bb2 Bb4 14. f3 Nb3 15.
Rb1 Bxd2+ 16. Kf2 Qb6+ 17. Kg3 Qe3 18. Be2 Nxe4+ 19. Kh4 Qg5# {White checkmated
} 0-1

[Event "FICS rated blitz game"]
[Site "FICS freechess.org"]
[Date "2018.01.14"]
[Round "?"]
[White "JoaoC"]
[Black "SomanNair"]
[Result "0-1"]
[WhiteElo "1540"]
[BlackElo "1481"]
[PlyCount "86"]
[EventDate "2018.??.??"]
[EventType "blitz"]

1. e4 e5 2. Nf3 Nc6 3. c3 d5 4. exd5 Qxd5 5. d4 Bg4 6. dxe5 Qxd1+ 7. Kxd1 Nxe5
8. Be2 O-O-O+ 9. Kc2 Bxf3 10. Bxf3 Nf6 11. Be3 Kb8 12. Nd2 Bd6 13. Ne4 Nxe4 14.
Bxe4 g6 15. Bd4 Rhe8 16. Bxe5 Rxe5 17. Bf3 Bc5 18. Rhf1 f5 19. Rad1 Rde8 20.
Rfe1 Rxe1 21. Rd5 Bd6 22. c4 R8e5 23. Rd3 a6 24. a3 b6 25. b4 Re7 26. g3 f4 27.
g4 g5 28. h3 h6 29. c5 bxc5 30. bxc5 Bxc5 31. Rd8+ Ka7 32. a4 Bxf2 33. a5 Re8
34. Rd7 R1e7 35. Rd5 Be1 36. Rc5 Bxa5 37. Rxa5 Kb6 38. Rf5 Re3 39. Bd1 R8e6 40.
Kd2 Rd6+ 41. Kc2 Rxh3 42. Be2 Rh2 43. Re5 f3 {White resigns} 0-1

[Event "FICS rated blitz game"]
[Site "FICS freechess.org"]
[Date "2018.01.14"]
[Round "?"]
[White "BiH"]
[Black "gargiulo"]
[Result "0-1"]
[WhiteElo "1659"]
[BlackElo "1648"]
[PlyCount "72"]
[EventDate "2018.??.??"]
[EventType "blitz"]

1. e4 e5 2. Nf3 Nc6 3. c3 Nf6 4. d4 Nxe4 5. d5 Ne7 6. Nxe5 Ng6 7. Nc4 Bc5 8.
Be3 O-O 9. Bd3 Bxe3 10. Nxe3 Re8 11. O-O Nxf2 12. Rxf2 Rxe3 13. d6 Re6 14. Bc4
cxd6 15. Bxe6 dxe6 16. Qf1 Ne5 17. Nd2 Bd7 18. Re1 Bc6 19. Nc4 Bb5 20. b3 Qc7
21. Rf4 Ba6 22. Ree4 Ng6 23. Rf2 d5 24. Rd4 dxc4 25. bxc4 e5 26. Re4 Rc8 27.
Qd3 Bxc4 28. Rxc4 Qxc4 29. Qd7 f6 30. h3 Qc7 31. Qd5+ Qf7 32. Qd3 Nf4 33. Qe4
Rxc3 34. Qb4 Rc1+ 35. Kh2 Nd3 36. Qd2 Qc7 0-1

[Event "FICS rated blitz game"]
[Site "FICS freechess.org"]
[Date "2018.01.14"]
[Round "?"]
[White "lopencjo"]
[Black "AndrewAJ"]
[Result "1-0"]
[WhiteElo "1854"]
[BlackElo "1648"]
[PlyCount "41"]
[EventDate "2018.??.??"]
[EventType "blitz"]

1. e4 e5 2. Nf3 Nc6 3. c3 Bc5 4. d4 exd4 5. cxd4 Bb4+ 6. Nc3 d6 7. h3 h6 8. Bc4
Nf6 9. Qd3 Bd7 10. O-O Qe7 11. e5 Nh7 12. Nd5 Qd8 13. exd6 Bxd6 14. Re1+ Be6
15. Nf4 O-O 16. Bxe6 fxe6 17. Nxe6 Rxf3 18. Qxf3 Qe7 19. Bf4 Nb4 20. Qb3 Bxf4
21. Ng5+ {Black resigns} 1-0

[Event "FICS rated standard game"]
[Site "FICS freechess.org"]
[Date "2018.01.14"]
[Round "?"]
[White "proximab"]
[Black "caryoscelus"]
[Result "1-0"]
[WhiteElo "2108"]
[BlackElo "1829"]
[PlyCount "32"]
[EventDate "2018.??.??"]

1. e4 e5 2. Nf3 Nc6 3. c3 a6 4. Bc4 d6 5. d3 h6 6. O-O Nf6 7. Qb3 Qe7 8. h3 Na5
9. Qa4+ Nc6 10. Qb3 Na5 11. Qa4+ Nc6 12. Be3 Be6 13. Nbd2 O-O-O 14. Bxa6 bxa6
15. Qxc6 d5 16. Nxe5 dxe4 {Black resigns} 1-0

[Event "FICS rated blitz game"]
[Site "FICS freechess.org"]
[Date "2018.01.14"]
[Round "?"]
[White "travstroe"]
[Black "Marmari"]
[Result "0-1"]
[WhiteElo "1462"]
[BlackElo "1391"]
[PlyCount "102"]
[EventDate "2018.??.??"]
[EventType "blitz"]

1. e4 e5 2. Nf3 Nc6 3. c3 Nf6 4. d4 exd4 5. Nxd4 Bc5 6. Nf5 O-O 7. Qf3 Re8 8.
Bd3 d5 9. Nd2 dxe4 10. Nxe4 Ne5 11. Nh6+ Kh8 12. Nxf7+ Nxf7 13. Be3 Bxe3 14.
Qxe3 Nxe4 15. Bxe4 Ng5 16. f3 Nxe4 17. fxe4 Qh4+ 18. g3 Qxe4 19. Qxe4 Rxe4+ 20.
Kd2 Bg4 21. Rae1 Rae8 22. Rhf1 Kg8 23. Rxe4 Rxe4 24. Rf4 Rxf4 25. gxf4 Kf7 26.
Ke3 Ke6 27. b4 b5 28. a3 c6 29. h4 h5 30. Ke4 Bf5+ 31. Kd4 Kd6 32. Ke3 Kd5 33.
Kf3 Kc4 34. Ke3 Kxc3 35. Ke2 Kb3 36. Ke3 Kxa3 37. Kd4 Kxb4 38. Ke5 g6 39. Kd6
c5 40. Ke5 c4 41. Kf6 c3 42. Kg5 c2 43. Kh6 c1=Q 44. Kg5 a5 45. Kf6 a4 46. Kg5
a3 47. Kf6 a2 48. Kg5 a1=Q 49. Kh6 Qg1 50. Kh7 Qae1 51. Kh6 Qe8 {White resigns}
0-1

[Event "FICS rated blitz game"]
[Site "FICS freechess.org"]
[Date "2018.01.14"]
[Round "?"]
[White "THEBIRDS"]
[Black "estebon"]
[Result "0-1"]
[WhiteElo "1085"]
[BlackElo "1027"]
[PlyCount "102"]
[EventDate "2018.??.??"]
[EventType "blitz"]

1. e4 Nc6 2. Nf3 e5 3. c3 Nf6 4. Qc2 d5 5. exd5 Nxd5 6. Bb5 Bd7 7. Bxc6 Bxc6 8.
Nxe5 Qe7 9. d4 O-O-O 10. O-O f6 11. Nxc6 bxc6 12. Nd2 Qe2 13. Qa4 Nf4 14. Qxc6
Rd6 15. Qf3 g5 16. Ne4 Re6 17. Bxf4 Qxe4 18. Qxe4 Rxe4 19. Be3 Bd6 20. c4 h6
21. c5 Be7 22. Rfd1 f5 23. b4 f4 24. Bc1 g4 25. Bb2 Rg8 26. Rac1 f3 27. g3 Re2
28. Rb1 h5 29. a4 h4 30. Bc3 hxg3 31. hxg3 Bf6 32. Re1 Rd8 33. Red1 Rc2 34. Ba1
Rc4 35. d5 Bxa1 36. Rxa1 Rxb4 37. d6 Rc4 38. Rac1 Rxc1 39. Rxc1 cxd6 40. cxd6+
Kb7 41. Rd1 Kc6 42. Kf1 Rxd6 43. Rb1 Kc5 44. Ke1 Ra6 45. Kd2 Rxa4 46. Ke3 a5
47. Rc1+ Rc4 48. Rb1 a4 49. Rb8 a3 50. Rc8+ Kb4 51. Kd3 Rxc8 {White resigns}
0-1